|
|
|
|
| LEADER |
01514nam a22003737a 4500 |
| 001 |
17218 |
| 003 |
BD-DhAAL |
| 005 |
20250911144654.0 |
| 008 |
800711t2007 bg ar s f0 0benoc |
| 010 |
|
|
|a 78914200
|z sn 82021907
|
| 016 |
7 |
|
|a 009531957
|2 Uk
|
| 020 |
|
|
|a 9845087914
|
| 035 |
|
|
|a 11223628
|
| 035 |
|
|
|a (OCoLC)6508001
|
| 040 |
|
|
|a LCI
|b eng
|c LCI
|d HUL
|d NST
|d DLC
|d NST
|d DLC
|d AGL
|d NST
|d COO
|d NST
|d WAU
|d SYS
|d OCLCQ
|d IUL
|d UKMGB
|d OCLCQ
|d OCLCF
|d OCLCA
|d GZM
|d OCLCQ
|d PUL
|d OCLCL
|d PUL
|d BD-DhAAL
|
| 041 |
0 |
|
|a ben
|a eng
|
| 042 |
|
|
|a pcc
|
| 043 |
|
|
|a a-bg---
|
| 082 |
0 |
|
|a 315.49/2
|2 19
|
| 245 |
0 |
0 |
|a Statistical pocket book of Bangladesh 2006.
|
| 246 |
3 |
1 |
|a বাংলাদেশ পরিসংখ্যান পকেট বই ২০০৬
|
| 260 |
|
|
|a Dhaka :
|b Bangladesh Bureau of Statistics, Statistics Division, Ministry of Planning,
|c 2007.
|
| 300 |
|
|
|a xx, 514 pages :
|b illustrations ;
|c 14 cm
|
| 310 |
|
|
|a Annual
|
| 541 |
|
|
|a New Age International
|e 17218
|
| 546 |
|
|
|a Bengali and English.
|
| 590 |
|
|
|a SERBIB/SERLOC merged record
|
| 650 |
|
7 |
|a Statistics
|z Bangladesh.
|
| 651 |
|
0 |
|a Bangladesh
|v Statistics
|v Periodicals.
|
| 655 |
|
7 |
|a Statistics
|9 6402
|
| 710 |
1 |
|
|a Bangladesh Bureau of Statistics.
|b Planning division.
|b Ministry of Planning.
|9 59303
|
| 942 |
|
|
|2 ddc
|c BK
|
| 999 |
|
|
|c 47537
|d 47537
|
| 952 |
|
|
|0 0
|1 0
|2 ddc
|4 0
|6 315_492000000000000_STA
|7 0
|9 78182
|a BRACUL
|b BRACUL
|c REF
|d 2025-09-11
|e New Age Publication
|g 150.00
|l 0
|o 315.492 STA
|p 3010017218
|r 2025-09-17
|t 1
|v 300.00
|w 2025-09-11
|y BK
|